Pokémon - Les attaques de Nymphali - Statistiques

Statistiques générales
  • Ce quiz a été pris 19 fois
  • Le résultat moyen est 14 sur 23
Statistiques - réponses
Niveaux Types Noms des attaques % Correct
Départ Normal Charge
91%
Niveau 5 Sol Jet de Sable
91%
Niveau 50 Fée Pouvoir Lunaire
91%
Niveau 10 Normal Vive-Attaque
91%
Départ Fée Charme
73%
Niveau 15 Fée Regard Touchant
73%
Départ Normal Rugissement
73%
Niveau 30 Fée Vampibaiser
73%
Départ Évolution Fée Voix Enjôleuse
73%
Départ Normal Bélier
64%
Départ Normal Damoclès
64%
Niveau 55 Normal Dernier Recours
64%
Départ Normal Mimi-Queue
64%
Niveau 35 Fée Champ Brumeux
55%
Départ Ténèbres Morsure
55%
Niveau 25 Psy Mur Lumière
55%
Départ Normal Coup d'Main
45%
Départ Normal Implore
36%
Niveau 20 Normal Météores
36%
Départ Normal Relais
36%
Niveau 40 Psy Échange
27%
Niveau 45 Normal Boost
18%
Départ Normal Photocopie
9%
Aucun quiz correspondant
Distribution des résultats
% des personnes avec chaque résultat
Percentile par nombre de réponses
Votre historique - résultats
Vous n’avez pas pris ce quiz